00529 2200193 4500001002100000005001500021035002000036245006600056100002000122250001200142300003700154260004200191082001000233084001600243020001800259650002800277990001500305990001500320INLIS00000000003834120250715011417 a0010-07250003041 aEnsiklopedia Profesi Impianku Dokter Hewan /cAnna Claybourne0 aAnna Claybourne aPertama a64 Halaman :bIlustrasi ;c23 cm aJakarta :bBhuana Ilmu Pupoler,c2024 a610.3 a610.3 ANN e a9786230419232 4aEnsiklopedia Kedokteran a38294/P-25 a38294/P-25